[Event "FISU World University-ch 2020"]
[Site "Online"]
[Date "2020.10.26"]
[Round "9.10"]
[White "Gomez Sanchez, Jorge Marcos"]
[Black "Livaic, Leon"]
[Result "1/2-1/2"]
[WhiteElo "2352"]
[BlackElo "2507"]
[Annotator "TA"]
[PlyCount "124"]
[EventDate "2020.10.26"]
[SourceTitle "playchess.com"]
[Source "ChessBase"]
[SourceQuality "1"]

1. e4 e6 2. d4 d5 3. Nd2 c5 4. exd5 Qxd5 5. Ngf3 cxd4 6. Bc4 Qd7 7. O-O Nc6 8. Nb3 a6 9. Nbxd4 Nxd4 10. Nxd4 Qc7 11. Qe2 Bd6 12. h3 Ne7 13. Bb3 O-O 14. Be3 Bd7 15. Rad1 Ng6 16. Rd2 Rad8 17. Rfd1 Bh2+ 18. Kh1 Bf4 19. Bxf4 Nxf4 20. Qc4 Qxc4 21. Bxc4 Rc8 22. Bb3 Rc7 23. Ne2 Nd5 24. Bxd5 exd5 25. Nf4 Be6 26. c3 Rd8 27. Nxd5 Rcd7 28. Ne7+ Kf8 29. Rxd7 Rxd7 30. Rxd7 Bxd7 31. Nd5 Be6 32. Nb4 a5 33. Nd3 Bxa2 34. Kg1 Ke7 35. f3 Kd6 36. Kf2 Kd5 37. Ke3 Bc4 38. Ne1 Bf1 39. b3 Kc5 40. Kf2 Ba6 41. Nc2 Bd3 42. Ne1 Bf5 43. Ke3 b5 44. g4 Bg6 45. f4 Bb1 46. Kd2 a4 47. Kc1 Be4 48. Kb2 f6 49. h4 h6 50. g5 h5 51. gxf6 gxf6 52. Nc2 Bd5 53. b4+ Kd6 54. Ne3 Be6 55. Ka3 Kc6 56. Kb2 Kd6 57. Ka3 Kc6 58. Kb2 Kd6 59. Ka3 Kc6 60. Kb2 Kd6 61. Ka3 Kc6 62. Kb2 Kd6 1/2-1/2

[Event "FISU World University-ch 2020"]
[Site "Online"]
[Date "2020.10.26"]
[Round "9.10"]
[White "Bosnjak, Petar"]
[Black "La Villa Rivas, Marlon Javier"]
[Result "1-0"]
[WhiteElo "2308"]
[BlackElo "2233"]
[Annotator "NA"]
[PlyCount "117"]
[EventDate "2020.10.26"]
[SourceTitle "playchess.com"]
[Source "ChessBase"]
[SourceQuality "1"]

1. e4 c5 2. Nf3 Nc6 3. d4 cxd4 4. Nxd4 Nf6 5. Nc3 d6 6. Bg5 e6 7. Qd2 a6 8. O-O-O Bd7 9. f4 h6 10. Bh4 g5 11. fxg5 Ng4 12. Nf3 Be7 13. Kb1 Nge5 14. Ne2 hxg5 15. Bg3 g4 16. Nfd4 Na5 17. Nc3 Rc8 18. Nb3 Nac4 19. Bxc4 Nxc4 20. Qe2 Qc7 21. Rd3 b5 22. Rhd1 b4 23. e5 bxc3 24. exd6 Bxd6 25. Bxd6 Qb7 26. Be5 Rh5 27. Bxc3 Bb5 28. Qxg4 Rf5 29. Qg8+ Ke7 30. Bb4+ Kf6 31. Qh7 Qxg2 32. Bc3+ Ne5 33. Re3 Rxc3 34. bxc3 Ng6 35. Qg8 Rf2 36. Rg3 Qxh2 37. Rxg6+ fxg6 38. Nd4 Bc4 39. Qd8+ Kf7 40. Qd7+ Kf6 41. Qc8 Be2 42. Qxe6+ Kg7 43. Re1 Bh5 44. Qe7+ Kh6 45. Ne6 Qb8+ 46. Ka1 Qh8 47. Qg5+ Kh7 48. Nd4 Rf7 49. Qd5 Rc7 50. Qd6 Rxc3 51. Re7+ Kh6 52. Qf4+ g5 53. Re6+ Kh7 54. Qf5+ Kg7 55. Re7+ Kh6 56. Re6+ Kg7 57. Qxg5+ Kf7 58. Re7+ Kf8 59. Ne6# 1-0

[Event "FISU World University-ch 2020"]
[Site "Online"]
[Date "2020.10.26"]
[Round "9.10"]
[White "Perez Rodriguez, Cesar Alejandro"]
[Black "Muha, Miljenko"]
[Result "0-1"]
[WhiteElo "2303"]
[BlackElo "2295"]
[Annotator "TA"]
[PlyCount "152"]
[EventDate "2020.10.26"]
[SourceTitle "playchess.com"]
[Source "ChessBase"]
[SourceQuality "1"]

1. e4 e6 2. d4 d5 3. Nc3 Bb4 4. e5 c5 5. a3 Bxc3+ 6. bxc3 Qa5 7. Bd2 Qa4 8. Qg4 Kf8 9. Qd1 Ne7 10. Nf3 Nbc6 11. Qb1 c4 12. h4 h6 13. h5 Ke8 14. g4 Kd8 15. g5 Kc7 16. gxh6 gxh6 17. Qc1 Qa5 18. a4 Bd7 19. Ra3 Nf5 20. Bh3 Nce7 21. Qa1 Rac8 22. Ra2 Kb8 23. Bc1 Ka8 24. Ba3 Rcg8 25. Bb4 Qd8 26. a5 Nc6 27. Qc1 Nxb4 28. cxb4 c3 29. Bxf5 exf5 30. Qe3 Qc7 31. Ra3 Rc8 32. O-O Qc4 33. Rb1 Rhg8+ 34. Kh2 Rg4 35. Qd3 Qxd3 36. cxd3 c2 37. Rc1 Bb5 38. Rb3 Kb8 39. Ne1 Rxd4 40. Rxc2 Rg8 41. Nf3 Rf4 42. d4 Ba4 43. Rcc3 Bxb3 44. Rxb3 Rfg4 45. Kh3 Rc8 46. Nh4 Rg5 47. f4 Rxh5 48. Rg3 Rc4 49. b5 Rxd4 50. b6 axb6 51. axb6 Kc8 52. Rg8+ Kd7 53. Kg3 Rxh4 54. Kxh4 Rxf4+ 55. Kh5 Rb4 56. Rf8 Ke7 57. Rc8 Rxb6 58. Rc7+ Ke6 59. Kxh6 Kxe5+ 60. Kg5 Rg6+ 61. Kh5 f4 62. Rxf7 Rf6 63. Re7+ Kd4 64. Kg5 Rf8 65. Rxb7 f3 66. Rb1 f2 67. Rf1 Ke3 68. Kh4 Ke2 69. Ra1 f1=Q 70. Ra2+ Kf3 71. Ra3+ Kf2 72. Ra2+ Qe2 73. Ra3 Qe4+ 74. Kg5 Rf5+ 75. Kh6 Qe6+ 76. Kh7 Rf7+ 0-1

[Event "FISU World University-ch 2020"]
[Site "Online"]
[Date "2020.10.26"]
[Round "9.10"]
[White "Ivekovic, Tihana"]
[Black "Fernandez Bustamante, Leancy B."]
[Result "1-0"]
[WhiteElo "2127"]
[BlackElo "2080"]
[Annotator "ChessBase"]
[PlyCount "153"]
[EventDate "2020.10.26"]
[SourceTitle "playchess.com"]
[Source "ChessBase"]
[SourceQuality "1"]

1. d4 c5 2. d5 d6 3. c4 e5 4. Nc3 Nf6 5. g3 g6 6. Bg2 Bg7 7. e4 Na6 8. Nf3 Nc7 9. O-O O-O 10. Ne1 Nh5 11. Nd3 a6 12. a4 b6 13. Re1 Rb8 14. Qe2 Bd7 15. Bd2 b5 16. axb5 axb5 17. b3 b4 18. Nd1 Ra8 19. Ne3 Qc8 20. Reb1 Ra6 21. Qd1 Bh6 22. Rxa6 Nxa6 23. Ra1 Nb8 24. Nf5 gxf5 25. Bxh6 Ng7 26. Qd2 Qd8 27. Ra8 Qf6 28. Bxg7 Qxg7 29. Qa2 fxe4 30. Ne1 e3 31. fxe3 Qg5 32. Qd2 f5 33. Nf3 Qg4 34. Kf2 Qg7 35. Qa2 e4 36. Nh4 Qc3 37. Bf1 f4 38. gxf4 Qf6 39. Ng2 Bh3 40. Kg1 Qc3 41. Qf2 Kh8 42. Ra7 Bxg2 43. Bxg2 Qc1+ 44. Bf1 Rg8+ 45. Kh1 Qd1 46. Qe2 Qc1 47. Re7 Qa1 48. Rxe4 Nd7 49. Re7 Nf6 50. Qd3 Qe1 51. Qe2 Qh4 52. Re6 h6 53. h3 Ng4 54. Bg2 Nf2+ 55. Kg1 Nxh3+ 56. Kf1 Nxf4 57. exf4 Qxf4+ 58. Qf2 Qc1+ 59. Re1 Qc3 60. Qf3 Qg7 61. Kg1 Rf8 62. Qe3 Rg8 63. Re2 Qa1+ 64. Kh2 Qf6 65. Bh3 Rf8 66. Bg2 Rg8 67. Bh3 Rf8 68. Rg2 Kh7 69. Qe4+ Kh8 70. Be6 Qc3 71. Qg6 Qe5+ 72. Qg3 Qh5+ 73. Bh3 Qf7 74. Qxd6 Kh7 75. Qd7 Qxd7 76. Bxd7 Rf3 77. Ba4 1-0

[Event "FISU World University-ch 2020"]
[Site "Online"]
[Date "2020.10.26"]
[Round "9.11"]
[White "Marosi, Levente"]
[Black "Quiroga Jaquez, Angel Ivan"]
[Result "1-0"]
[WhiteElo "2251"]
[BlackElo "2178"]
[Annotator "NA"]
[PlyCount "111"]
[EventDate "2020.10.26"]
[SourceTitle "playchess.com"]
[Source "ChessBase"]
[SourceQuality "1"]

1. e4 e5 2. Nf3 Nc6 3. d4 exd4 4. Nxd4 Nf6 5. Nxc6 bxc6 6. e5 Qe7 7. Qe2 Nd5 8. c4 Ba6 9. Nd2 Nf4 10. Qe4 Ne6 11. b3 g6 12. Bb2 Bg7 13. O-O-O O-O 14. Nf3 Bb7 15. Be2 d5 16. exd6 Bxb2+ 17. Kxb2 cxd6 18. Rhe1 a5 19. Qh4 Qxh4 20. Nxh4 d5 21. Nf3 Rfe8 22. g3 Nc5 23. cxd5 cxd5 24. Bb5 Rxe1 25. Rxe1 Ba6 26. Bxa6 Rxa6 27. Re8+ Kg7 28. Ne5 Ra7 29. f4 a4 30. Rc8 a3+ 31. Kc2 Ne6 32. b4 Rb7 33. Kb3 Nd4+ 34. Kxa3 f6 35. Nd3 Re7 36. Nc5 Nb5+ 37. Ka4 Nd6 38. Rc7 Rxc7 39. Ne6+ Kf7 40. Nxc7 d4 41. Kb3 Ke7 42. a4 d3 43. Kc3 Kd7 44. Nb5 Ne4+ 45. Kxd3 f5 46. Nc3 Nf2+ 47. Kd4 Ng4 48. h3 Nf2 49. h4 Nh1 50. Ne2 Nf2 51. b5 Ne4 52. a5 h6 53. a6 Kc7 54. Nc3 Nxg3 55. Nd5+ Kb8 56. b6 1-0

[Event "FISU World University-ch 2020"]
[Site "Online"]
[Date "2020.10.26"]
[Round "9.11"]
[White "Garcia de Dios, Jose Antonio"]
[Black "Grimm, Daniel"]
[Result "0-1"]
[WhiteElo "2206"]
[BlackElo "2286"]
[Annotator "NA"]
[PlyCount "60"]
[EventDate "2020.10.26"]
[SourceTitle "playchess.com"]
[Source "ChessBase"]
[SourceQuality "1"]

1. d4 d5 2. c4 c6 3. Nf3 dxc4 4. a4 Nf6 5. Nc3 e6 6. e3 c5 7. Bxc4 Nc6 8. O-O cxd4 9. exd4 Be7 10. h3 O-O 11. Bf4 Nb4 12. Qe2 Bd7 13. Ne5 Bc6 14. Nxc6 bxc6 15. Rfd1 Nfd5 16. Be5 Qd7 17. Ne4 f6 18. Bh2 a5 19. Rac1 f5 20. Nc5 Bxc5 21. dxc5 f4 22. Qg4 Qf7 23. Re1 Rae8 24. Re5 Qe7 25. Rce1 Rf6 26. R1e4 Qxc5 27. Bxf4 h6 28. Bg3 Kh7 29. b3 Rg6 30. Qh4 Qe7 0-1

[Event "FISU World University-ch 2020"]
[Site "Online"]
[Date "2020.10.26"]
[Round "9.11"]
[White "Terbe, Zsuzsanna"]
[Black "Fuentes Godoy, Lilia Ivonne"]
[Result "0-1"]
[WhiteElo "2198"]
[BlackElo "2196"]
[Annotator "NA"]
[PlyCount "88"]
[EventDate "2020.10.26"]
[SourceTitle "playchess.com"]
[Source "ChessBase"]
[SourceQuality "1"]

1. d4 d5 2. Bf4 c5 3. e3 Nc6 4. Nf3 Nf6 5. Nbd2 g6 6. dxc5 Bg7 7. c3 a5 8. a4 O-O 9. Bb5 Nh5 10. Bg5 Qc7 11. Nb3 Rd8 12. O-O f6 13. Bh4 Bf8 14. Qe2 Be6 15. Rfd1 Bf7 16. c4 g5 17. Bxg5 fxg5 18. Nxg5 Nf6 19. Nxf7 Kxf7 20. cxd5 Ne5 21. f4 Ng6 22. g3 Qc8 23. e4 Qh3 24. Bc4 Bh6 25. e5 Nh5 26. e6+ Kg7 27. Qg2 Qf5 28. g4 Qxf4 29. gxh5 Qxc4 30. Qg3 Bf4 31. Qf3 Ne5 32. Qg2+ Kh8 33. Kh1 Qxb3 34. Qe4 Rf8 35. Rab1 Qh3 36. Qc2 Ng4 37. Qg2 Qxh5 38. Rd4 Rf5 39. Rg1 Be3 40. Rxg4 Bxg1 41. Qxg1 Raf8 42. Qd4+ R8f6 43. d6 Rf1+ 44. Kg2 R1f2+ 0-1

[Event "FISU World University-ch 2020"]
[Site "Online"]
[Date "2020.10.26"]
[Round "9.11"]
[White "Luna Javier, Edgar Froylan"]
[Black "Juhasz, Barbara"]
[Result "0-1"]
[WhiteElo "2114"]
[BlackElo "2211"]
[Annotator "NA"]
[PlyCount "104"]
[EventDate "2020.10.26"]
[SourceTitle "playchess.com"]
[Source "ChessBase"]
[SourceQuality "1"]

1. d4 Nf6 2. Nf3 g6 3. g3 Bg7 4. Bg2 O-O 5. O-O d6 6. b3 c5 7. Bb2 cxd4 8. Nxd4 d5 9. c4 e5 10. Nf3 e4 11. Nd4 dxc4 12. bxc4 e3 13. fxe3 Ng4 14. Qd3 Nc6 15. Nd2 Nxe3 16. Nxc6 bxc6 17. Bxg7 Qxd3 18. exd3 Kxg7 19. Rfe1 Nxg2 20. Kxg2 Rd8 21. Re3 Bf5 22. Rb1 Bxd3 23. Rb7 Bf5 24. Nf3 Rab8 25. Ree7 Be6 26. Ne5 Rd2+ 27. Kf3 Rxb7 28. Rxb7 Rxa2 29. Nxc6 Bxc4 30. Rxa7 Bd5+ 31. Ke3 Rxh2 32. Ne7 Be6 33. Nc6 Rg2 34. Nd4 Bd5 35. Kf4 Rd2 36. Ke5 Ba2 37. Rd7 Rf2 38. Ra7 h5 39. Rc7 Kh6 40. Rc8 Kg5 41. Ra8 Kg4 42. Ra3 Bb1 43. Rb3 f6+ 44. Kd6 Be4 45. Re3 f5 46. Ne6 Rf3 47. Rxf3 Kxf3 48. Nf4 Kxg3 49. Nxg6 h4 50. Ke5 h3 51. Nf4 h2 52. Ne2+ Kf2 0-1

[Event "FISU World University-ch 2020"]
[Site "Online"]
[Date "2020.10.26"]
[Round "9.12"]
[White "Georgescu, Lena"]
[Black "Voloshynskyi, Liubomyr"]
[Result "1/2-1/2"]
[WhiteElo "2276"]
[BlackElo "2118"]
[Annotator "NA"]
[PlyCount "72"]
[EventDate "2020.10.26"]
[SourceTitle "playchess.com"]
[Source "ChessBase"]
[SourceQuality "1"]

1. e4 e5 2. Nf3 Nc6 3. Bb5 a6 4. Ba4 Nf6 5. O-O Be7 6. Re1 b5 7. Bb3 O-O 8. c3 d6 9. h3 Nb8 10. d4 Nbd7 11. Nbd2 Bb7 12. Bc2 Re8 13. a4 Bf8 14. Bd3 c6 15. b3 g6 16. Bb2 Qc7 17. Qc2 Bg7 18. b4 Nh5 19. Bf1 Nf4 20. g3 Ne6 21. Nb3 exd4 22. cxd4 Nb6 23. axb5 cxb5 24. Rac1 Qxc2 25. Rxc2 f5 26. exf5 gxf5 27. Bg2 Bd5 28. Nbd2 Rac8 29. Rxc8 Rxc8 30. Nh4 Rc2 31. Bxd5 Nxd5 32. Rxe6 Rxb2 33. Rxd6 Rxd2 34. Rxd5 Bxd4 35. Nxf5 Bxf2+ 36. Kg2 Be1+ 1/2-1/2

[Event "FISU World University-ch 2020"]
[Site "Online"]
[Date "2020.10.26"]
[Round "9.12"]
[White "Stoeri, Laura"]
[Black "Stasiuk, Vitaly"]
[Result "0-1"]
[WhiteElo "2126"]
[BlackElo "1855"]
[Annotator "NA"]
[PlyCount "92"]
[EventDate "2020.10.26"]
[SourceTitle "playchess.com"]
[Source "ChessBase"]
[SourceQuality "1"]

1. e4 e5 2. Nf3 Nc6 3. Bb5 a6 4. Ba4 Nf6 5. O-O b5 6. Bb3 Bc5 7. d3 d6 8. h3 h6 9. a4 Bb7 10. Nc3 b4 11. Ne2 Na5 12. Ba2 O-O 13. Ng3 Qd7 14. Be3 Rae8 15. Nh4 Kh7 16. Qf3 Ng8 17. Nhf5 g6 18. Bxc5 dxc5 19. Ne3 f5 20. Nd5 fxe4 21. Qxe4 Rf4 22. Nxf4 Bxe4 23. Nxe4 exf4 24. Bxg8+ Kg7 25. Ba2 Qd4 26. Rfd1 Qxb2 27. Nxc5 Qxc2 28. Rdc1 Qe2 29. Bd5 c6 30. Bf3 Qe5 31. Rab1 Qd4 32. Be4 Re7 33. Nxa6 b3 34. Nc5 b2 35. Rc2 Re5 36. Na6 Rxe4 37. dxe4 Qd3 38. Nb4 Qxe4 39. Rbxb2 f3 40. gxf3 Qxf3 41. Rb1 Qxh3 42. Nxc6 Qg4+ 43. Kf1 Qe4 44. Rbc1 Nb3 45. Rc4 Nd2+ 46. Kg1 Nxc4 0-1

[Event "FISU World University-ch 2020"]
[Site "Online"]
[Date "2020.10.26"]
[Round "9.12"]
[White "Dzurak, Vitalii"]
[Black "Meylan, Andre"]
[Result "1-0"]
[WhiteElo "1894"]
[BlackElo "2205"]
[Annotator "NA"]
[PlyCount "91"]
[EventDate "2020.10.26"]
[SourceTitle "playchess.com"]
[Source "ChessBase"]
[SourceQuality "1"]

1. d4 e6 2. c4 Nf6 3. Nc3 Bb4 4. Qc2 O-O 5. e4 d5 6. e5 Ne4 7. Bd3 c5 8. a3 Bxc3+ 9. bxc3 Nc6 10. Nf3 cxd4 11. cxd4 Qa5+ 12. Bd2 Nxd2 13. Qxd2 Qxd2+ 14. Kxd2 dxc4 15. Bxc4 Rd8 16. Ke3 b6 17. Rhc1 Bb7 18. Ba6 Bxa6 19. Rxc6 Rd7 20. Rac1 Rad8 21. Rc7 f6 22. h4 Bb7 23. Ne1 Kf7 24. g3 Ke8 25. Rxd7 Rxd7 26. Nd3 Ba6 27. Nf4 Kf7 28. d5 Re7 29. dxe6+ Ke8 30. Nd5 Rxe6 31. Nc7+ Ke7 32. Nxe6 Kxe6 33. exf6 Kxf6 34. Rc7 Bf1 35. Rxa7 h6 36. Rb7 b5 37. Rb6+ Kf5 38. f3 Ke5 39. Rg6 Kd5 40. Rxg7 Kc4 41. Ra7 Kb3 42. f4 h5 43. f5 Bc4 44. f6 Kb2 45. Kf4 Kb3 46. Kg5 1-0

[Event "FISU World University-ch 2020"]
[Site "Online"]
[Date "2020.10.26"]
[Round "9.12"]
[White "Sydoryak, Vira"]
[Black "Meier, Lukas"]
[Result "1-0"]
[WhiteElo "1791"]
[BlackElo "2094"]
[Annotator "ChessBase"]
[PlyCount "131"]
[EventDate "2020.10.26"]
[SourceTitle "playchess.com"]
[Source "ChessBase"]
[SourceQuality "1"]

1. e4 d6 2. d4 Nf6 3. Nc3 Nbd7 4. Be3 e5 5. h3 c6 6. Nf3 Be7 7. Qd2 Qc7 8. Be2 b5 9. a3 a6 10. O-O O-O 11. Rad1 Bb7 12. Nh4 exd4 13. Bxd4 c5 14. Bxf6 Nxf6 15. Nf5 Rfd8 16. Qg5 Bf8 17. Bf3 b4 18. Nd5 Bxd5 19. exd5 bxa3 20. bxa3 Re8 21. Rfe1 Qd7 22. Rb1 Rxe1+ 23. Rxe1 Re8 24. Rb1 Qc7 25. Qf4 Re5 26. Ne3 Be7 27. Qc4 a5 28. Qa6 Bf8 29. Rb7 Qc8 30. Qc6 Qa8 31. Qc7 Qe8 32. Rb8 Qa4 33. Qxd6 Re8 34. Rxe8 Nxe8 35. Qe5 Nd6 36. Qc3 Qb5 37. Qb3 Qa6 38. c4 a4 39. Qb8 Nxc4 40. Be2 Qd6 41. Qa8 Nxe3 42. fxe3 Qe5 43. Kf2 g6 44. Qxa4 Qxd5 45. Qc4 Qf5+ 46. Qf4 Qc2 47. a4 Qd2 48. Qe4 Qc3 49. Bc4 Qf6+ 50. Qf4 Qxf4+ 51. exf4 Bd6 52. g3 Kf8 53. Ke3 Ke7 54. Ke4 f6 55. Kd5 Kd7 56. a5 g5 57. Bb5+ Kc7 58. fxg5 fxg5 59. g4 h6 60. Ke6 Bg3 61. Kf6 Kd6 62. Kg6 c4 63. Bxc4 Bf4 64. Kxh6 Kc5 65. a6 Be3 66. a7 1-0

[Event "FISU World University-ch 2020"]
[Site "Online"]
[Date "2020.10.26"]
[Round "9.13"]
[White "Serikbay, Chingiz"]
[Black "Damaceno, Mateus Lima"]
[Result "1-0"]
[WhiteElo "2338"]
[BlackElo "2136"]
[Annotator "NA"]
[PlyCount "85"]
[EventDate "2020.10.26"]
[SourceTitle "playchess.com"]
[Source "ChessBase"]
[SourceQuality "1"]

1. d4 d5 2. Nf3 Nf6 3. Bf4 e6 4. e3 Bd6 5. Bg3 O-O 6. Nbd2 b6 7. Bd3 c5 8. c3 Ba6 9. Bxa6 Nxa6 10. O-O Bxg3 11. hxg3 Nb8 12. Qe2 Nbd7 13. a4 a6 14. Rfd1 Qc7 15. e4 dxe4 16. Nxe4 c4 17. Nxf6+ Nxf6 18. Ne5 Rac8 19. g4 Nd5 20. g3 f6 21. Nf3 Rfe8 22. Qe4 Qf7 23. Re1 Qg6 24. Qxg6 hxg6 25. Kg2 Kf7 26. g5 Rh8 27. Rh1 Rxh1 28. Rxh1 Rb8 29. gxf6 gxf6 30. Nd2 b5 31. Rh7+ Kg8 32. Ra7 Rb6 33. a5 Rc6 34. Ne4 g5 35. Rb7 Kf8 36. Nc5 Ke8 37. Kf3 f5 38. g4 Kf8 39. Ra7 Ke8 40. Rxa6 Rxa6 41. Nxa6 Nf6 42. gxf5 exf5 43. Nc7+ 1-0

[Event "FISU World University-ch 2020"]
[Site "Online"]
[Date "2020.10.26"]
[Round "9.13"]
[White "Da Silva Araujo, Gabriel Victor"]
[Black "Mukhit, Aisezym"]
[Result "0-1"]
[WhiteElo "2011"]
[BlackElo "1919"]
[Annotator "NA"]
[PlyCount "54"]
[EventDate "2020.10.26"]
[SourceTitle "playchess.com"]
[Source "ChessBase"]
[SourceQuality "1"]

1. Nf3 c5 2. c4 b6 3. g3 Bb7 4. Bg2 e6 5. O-O Qc7 6. Nc3 Nf6 7. b3 a6 8. Bb2 Be7 9. Rc1 d6 10. e3 Nbd7 11. d4 cxd4 12. exd4 O-O 13. Re1 Rac8 14. Nd2 Bxg2 15. Kxg2 Qb7+ 16. Qf3 Qb8 17. a4 Rfe8 18. Nf1 h5 19. Ne3 Bf8 20. h3 g6 21. g4 Bh6 22. Rcd1 Bg5 23. Rh1 d5 24. cxd5 e5 25. gxh5 e4 26. Qg3 Bf4 27. Qh4 g5 0-1

[Event "FISU World University-ch 2020"]
[Site "Online"]
[Date "2020.10.26"]
[Round "9.13"]
[White "Barmagambetova, Sakypzhamal"]
[Black "Bail, Ellen Larissa"]
[Result "1-0"]
[WhiteElo "1894"]
[BlackElo "1848"]
[Annotator "NA"]
[PlyCount "49"]
[EventDate "2020.10.26"]
[SourceTitle "playchess.com"]
[Source "ChessBase"]
[SourceQuality "1"]

1. d4 d5 2. Nf3 Nf6 3. c4 e6 4. Nc3 Be7 5. cxd5 exd5 6. Bg5 O-O 7. e3 c6 8. Bd3 Re8 9. O-O Nbd7 10. Qc2 Nf8 11. Ne5 g6 12. f4 Ne4 13. Bh6 Nd6 14. f5 Bg5 15. fxg6 hxg6 16. Bxg5 Qxg5 17. Rf3 Bf5 18. Raf1 Bxd3 19. Qxd3 Nf5 20. e4 dxe4 21. Nxe4 Qd8 22. Rxf5 gxf5 23. Rxf5 Ne6 24. Qg3+ Kf8 25. Rxf7# 1-0

[Event "FISU World University-ch 2020"]
[Site "Online"]
[Date "2020.10.26"]
[Round "9.13"]
[White "Rodrigues, Vanessa Ketlyn Sousa"]
[Black "Barmagambetov, Sagynysh"]
[Result "0-1"]
[WhiteElo "1744"]
[BlackElo "1776"]
[Annotator "NA"]
[PlyCount "76"]
[EventDate "2020.10.26"]
[SourceTitle "playchess.com"]
[Source "ChessBase"]
[SourceQuality "1"]

1. e4 e6 2. d4 d5 3. exd5 exd5 4. Nf3 Nf6 5. h3 h6 6. Bd3 Bd6 7. O-O O-O 8. c3 c6 9. Re1 Be6 10. Be3 Nbd7 11. Qd2 Ne4 12. Qc2 f5 13. c4 Rc8 14. Nc3 a6 15. c5 Bb8 16. Qb3 Qc7 17. Bxe4 fxe4 18. Nxe4 Rxf3 19. Nd6 Rf6 20. Nxc8 Qxc8 21. Re2 Qc7 22. g3 Bxh3 23. Rae1 Rf8 24. Bf4 Qc8 25. Be5 Bxe5 26. dxe5 Nxc5 27. Qe3 Ne4 28. Kh2 Bg4 29. Rc2 Bf3 30. Qb3 Qg4 31. Rxe4 Bxe4 32. f4 Qh5+ 33. Kg1 Qh1+ 34. Kf2 Qg2+ 35. Ke3 Bxc2 36. Qxb7 Qe4+ 37. Kd2 Qd3+ 38. Kc1 Qd1# 0-1

[Event "FISU World University-ch 2020"]
[Site "Online"]
[Date "2020.10.26"]
[Round "9.14"]
[White "Zapata Arbelaez, Estiven"]
[Black "Orozco, Omar"]
[Result "1-0"]
[WhiteElo "2203"]
[BlackElo "1673"]
[Annotator "NA"]
[PlyCount "65"]
[EventDate "2020.10.26"]
[SourceTitle "playchess.com"]
[Source "ChessBase"]
[SourceQuality "1"]

1. d4 Nf6 2. c4 e6 3. Nc3 b6 4. Nf3 Bb7 5. Bg5 Be7 6. e3 d6 7. Be2 Nbd7 8. O-O Ne4 9. Nxe4 Bxe4 10. Bxe7 Qxe7 11. b4 O-O 12. Nd2 Bb7 13. Bf3 Bxf3 14. Nxf3 e5 15. e4 a5 16. b5 exd4 17. Qxd4 Rfe8 18. Rfe1 Nc5 19. e5 dxe5 20. Rxe5 Ne6 21. Qe3 Qb4 22. Rc1 Red8 23. Rxe6 fxe6 24. Qxe6+ Kh8 25. Ng5 Rf8 26. Nf7+ Rxf7 27. Qxf7 Qd2 28. Rf1 Qd6 29. Re1 h6 30. h4 Kh7 31. Qf5+ g6 32. Qf7+ Kh8 33. Re7 1-0

[Event "FISU World University-ch 2020"]
[Site "Online"]
[Date "2020.10.26"]
[Round "9.14"]
[White "Loaiza, Yurani"]
[Black "Ocampo, Cristina"]
[Result "1-0"]
[WhiteElo "1942"]
[BlackElo "1970"]
[Annotator "NA"]
[PlyCount "45"]
[EventDate "2020.10.26"]
[SourceTitle "playchess.com"]
[Source "ChessBase"]
[SourceQuality "1"]

1. e4 e5 2. Nc3 Nc6 3. g3 Nf6 4. Bg2 Bc5 5. Nf3 a5 6. Nxe5 Bxf2+ 7. Kxf2 Nxe5 8. Rf1 d6 9. d4 Nc6 10. Kg1 Bg4 11. Qe1 Nxd4 12. e5 dxe5 13. Qxe5+ Ne6 14. Bxb7 O-O 15. Bg2 Rb8 16. b3 Re8 17. Be3 c5 18. Bc6 Qb6 19. Bxe8 Rxe8 20. Nd5 Nxd5 21. Qxd5 Nc7 22. Qxf7+ Kh8 23. Qf8+ 1-0

[Event "FISU World University-ch 2020"]
[Site "Online"]
[Date "2020.10.26"]
[Round "9.14"]
[White "Cardona Martinez, Lina Sofia"]
[Black "Rodriguez Pineda, Sofia"]
[Result "1-0"]
[WhiteElo "1877"]
[BlackElo "1783"]
[Annotator "NA"]
[PlyCount "97"]
[EventDate "2020.10.26"]
[SourceTitle "playchess.com"]
[Source "ChessBase"]
[SourceQuality "1"]

1. e4 c5 2. Nf3 d6 3. d4 cxd4 4. Nxd4 Nf6 5. Nc3 a6 6. Bg5 Nbd7 7. Qd2 Qb6 8. O-O-O h6 9. Bh4 g5 10. Bg3 Nc5 11. f3 Bd7 12. Bf2 Qc7 13. g4 Bg7 14. h4 O-O-O 15. Kb1 gxh4 16. Rxh4 Ne6 17. Nf5 Bc6 18. Nxg7 Nxg7 19. Rxh6 Ne6 20. Nd5 Bxd5 21. exd5 Nc5 22. Bd4 Rxh6 23. Qxh6 Nxd5 24. Bc4 e6 25. Bxd5 exd5 26. b3 Re8 27. Qd2 Ne6 28. Bf6 d4 29. Bxd4 Nxd4 30. Qxd4 Re6 31. f4 Qe7 32. f5 Re4 33. Qh8+ Kd7 34. Qg7 Re2 35. Qc3 Re3 36. Qd2 Re2 37. Qd5 Kc7 38. Rd4 Re1+ 39. Kb2 Re5 40. Qc4+ Kb8 41. Qb4 Rb5 42. Qxd6+ Qxd6 43. Rxd6 Rb4 44. g5 Rb5 45. Rf6 Kc7 46. Rxf7+ Kd6 47. g6 Re5 48. g7 Re8 49. Rf8 1-0

[Event "FISU World University-ch 2020"]
[Site "Online"]
[Date "2020.10.26"]
[Round "9.14"]
[White "Moreno Bermudez, Jhon Jairo"]
[Black "Blandon, Luis Guillermo"]
[Result "0-1"]
[WhiteElo "1839"]
[BlackElo "2251"]
[Annotator "NA"]
[PlyCount "82"]
[EventDate "2020.10.26"]
[SourceTitle "playchess.com"]
[Source "ChessBase"]
[SourceQuality "1"]

1. e4 c5 2. Nf3 d6 3. Nc3 Nf6 4. g3 g6 5. Bg2 Bg7 6. O-O O-O 7. d3 Nc6 8. Nh4 Rb8 9. a4 a6 10. f4 Nd4 11. f5 b5 12. axb5 axb5 13. g4 b4 14. Nb1 Bb7 15. c3 Nc6 16. g5 Nd7 17. Bf4 Ra8 18. Rxa8 Qxa8 19. f6 exf6 20. Bxd6 Rd8 21. gxf6 Bxf6 22. Rxf6 Nxf6 23. Bxc5 Qa5 24. Be3 Ne5 25. Bd4 Rxd4 26. cxd4 Qb6 27. Nf3 Nxf3+ 28. Qxf3 Qxd4+ 29. Qf2 Qe5 30. Nd2 Qxb2 31. Nc4 Qa1+ 32. Bf1 Ba6 33. Qb2 Qxb2 34. Nxb2 Ng4 35. h3 Ne3 36. Kf2 Nc2 37. e5 f6 38. exf6 Kf7 39. Kf3 Kxf6 40. Ke4 g5 41. Be2 Bb7# 0-1

[Event "FISU World University-ch 2020"]
[Site "Online"]
[Date "2020.10.26"]
[Round "9.15"]
[White "Portela Peleteiro, Alberto"]
[Black "Cimer, Emanuel"]
[Result "0-1"]
[WhiteElo "2366"]
[BlackElo "2247"]
[Annotator "NA"]
[PlyCount "76"]
[EventDate "2020.10.26"]
[SourceTitle "playchess.com"]
[Source "ChessBase"]
[SourceQuality "1"]

1. e4 c5 2. g3 Nc6 3. Bg2 g6 4. Ne2 Bg7 5. O-O d6 6. c3 e5 7. d3 Nge7 8. Be3 O-O 9. Nd2 Be6 10. Nf3 h6 11. d4 exd4 12. cxd4 Bc4 13. Re1 b6 14. Nc3 Rc8 15. a3 Na5 16. Bh3 Ra8 17. dxc5 dxc5 18. Bf4 Bb3 19. Qc1 g5 20. Be3 Nc4 21. Nd2 Nxd2 22. Bxd2 Nc6 23. Bg2 Nd4 24. e5 Rb8 25. Rb1 Re8 26. f4 g4 27. Be3 f6 28. exf6 Bxf6 29. Ne4 Bg7 30. Bxd4 Bxd4+ 31. Kh1 Kg7 32. Qd2 Bd5 33. Rbd1 Qd7 34. Nc3 Bf3 35. Rxe8 Rxe8 36. Re1 Bxg2+ 37. Kxg2 Qc6+ 38. Ne4 Rxe4 0-1

[Event "FISU World University-ch 2020"]
[Site "Online"]
[Date "2020.10.26"]
[Round "9.15"]
[White "Benedetti, Julio"]
[Black "Suarez Gomez, Julio"]
[Result "0-1"]
[WhiteElo "2282"]
[BlackElo "2426"]
[Annotator "NA"]
[PlyCount "62"]
[EventDate "2020.10.26"]
[SourceTitle "playchess.com"]
[Source "ChessBase"]
[SourceQuality "1"]

1. e4 e6 2. d4 d5 3. Nc3 Bb4 4. e5 c5 5. a3 Bxc3+ 6. bxc3 Ne7 7. a4 b6 8. h4 Qc7 9. Bd2 Ba6 10. h5 h6 11. Rh4 Bxf1 12. Kxf1 Nbc6 13. Rf4 Nf5 14. g4 Nfe7 15. Qf3 Rf8 16. Ne2 Na5 17. Qd3 Nc4 18. Bc1 Rh8 19. Qf3 Nc6 20. Ng3 Rf8 21. Nf5 exf5 22. Qxd5 N4a5 23. gxf5 Qd7 24. Qg2 O-O-O 25. Qxg7 Rg8 26. Qf6 Qd5 27. Ke2 cxd4 28. e6 d3+ 29. Kd2 dxc2+ 30. Kxc2 Qd1+ 31. Kb2 Qb3# 0-1